Udržitelný rozvoj venkova a role venkovské turistiky
Problémy rozvoja vidieka a orientácia na udržateľný rozvoj. Predstavenie modelu životaschopného vidieka, ktorý by nebol založený na masívnych dotáciách, ale by bol sebestačný, nezhoršoval by kvalitu životného prostredia a mal budúcnosť. Hodnotenie vybraných faktorov, ktoré vplývajú na kvalitu života...
Gespeichert in:
| 1. Verfasser: | |
|---|---|
| Format: | Buchkapitel |
| Sprache: | Tschechisch |
| Schlagworte: | |
| Tags: |
Keine Tags, Fügen Sie das erste Tag hinzu!
|
MARC
| LEADER | 00000naa$a2200000$$$4500 | ||
|---|---|---|---|
| 001 | 0073781 | ||
| 005 | 20231107072550.7 | ||
| 041 | 0 | |a cze | |
| 044 | |a CZ | ||
| 245 | 1 | 0 | |a Udržitelný rozvoj venkova a role venkovské turistiky |c Eva Šimková |
| 520 | |a Problémy rozvoja vidieka a orientácia na udržateľný rozvoj. Predstavenie modelu životaschopného vidieka, ktorý by nebol založený na masívnych dotáciách, ale by bol sebestačný, nezhoršoval by kvalitu životného prostredia a mal budúcnosť. Hodnotenie vybraných faktorov, ktoré vplývajú na kvalitu života na vidieku v Čechách a zdôraznenie významu cestovného ruchu pre rozvoj týchto regiónov. | ||
| 610 | 2 | 0 | |a Česko |
| 610 | 2 | 0 | |a rozvoj regionálny |
| 610 | 2 | 0 | |a turistika |
| 610 | 2 | 0 | |a ruch cestovný |
| 610 | 2 | 0 | |a kvalita života |
| 610 | 2 | 0 | |a prostredie životné |
| 100 | 1 | |a Šimková, Eva | |